MARC

LEADER 00000nam0a2200000 4500
001 249518
005 20231101232500.0
035 |a (RuTPU)RU\TPU\book\271607 
090 |a 249518 
100 |a 20140205d1988 k y0rusy50 ca 
101 0 |a rus 
102 |a RU 
105 |a a z 001zy 
200 1 |a Геология метаморфических комплексов  |e межвузовский научный тематический сборник  |f Свердловский горный институт им. В. В. Вахрушева ; под ред. Г. А. Кейльмана 
210 |a Свердловск  |c Свердловский горный ин-т  |d 1988 
215 |a 112 с.  |c ил. 
320 |a Библиография в конце статей 
606 1 |a Метаморфизм  |x (петрография)  |2 stltpush  |3 (RuTPU)RU\TPU\subj\43405  |9 62910 
610 1 |a геология 
610 1 |a петрография 
610 1 |a метаморфические горные породы 
610 1 |a метаморфические комплексы 
610 1 |a метаморфические формации 
610 1 |a метаморфические месторождения 
610 1 |a полезные ископаемые 
675 |a 552.16  |v 3 
702 1 |a Кейльман  |b Г. А.  |4 340 
712 0 2 |a Свердловский горный институт им. В. В. Вахрушева  |c (1934-1991)  |2 stltpush  |3 (RuTPU)RU\TPU\col\6743  |9 24264 
801 1 |a RU  |b 63413507  |c 20140205 
801 2 |a RU  |b 63413507  |c 20140211  |g RCR 
942 |c BK